000 00447nam a2200145 4500
999 _c507675
_d507675
008 190221b ||||| |||| 00| 0 eng d
100 _aKumar, Anant
_92217
245 _aEthnicity, religion, and identity politics among tribes in Jharkhand
260 _c2018
300 _ap.23-25.
700 _aPanda, Pramil K.
_92218
773 _aEconomic and Political Weekly
906 _aTribes and tribal system - India - Jharkhand
942 _2ddc
_cAR